Comedias escogidas de Don Pedro Calderon de la Barca. (Record no. 38343)

MARC details
000 -LEADER
campo de control de longitud fija 01104nam a2200205 i 4500
001 - NÚMERO DE CONTROL
campo de control 38343
003 - IDENTIFICADOR DE NÚMERO DE CONTROL
campo de control ES-MaACL
005 - FECHA Y HORA DE LA ÚLTIMA TRANSACCIÓN
campo de control 20250513063017.0
007 - CAMPO FIJO DE DESCRIPCIÓN FÍSICA--INFORMACIÓN GENERAL
campo de control de longitud fija t|
008 - DATOS DE LONGITUD FIJA--INFORMACIÓN GENERAL
campo de control de longitud fija 030225m18261833sp ||||1| spa d
100 1# - ENTRADA PRINCIPAL--NOMBRE DE PERSONA
Nombre de persona Calderón de la Barca, Pedro,
Fechas asociadas al nombre 1600-1681
Término indicativo de función/relación Autor
9 (RLIN) 239594
245 10 - MENCIÓN DEL TÍTULO
Título Comedias escogidas de Don Pedro Calderon de la Barca.
260 ## - PUBLICACIÓN, DISTRIBUCIÓN, ETC.
Lugar de publicación, distribución, etc. Madrid :
Nombre del editor, distribuidor, etc. Antonio Fernández,
Fecha de publicación, distribución, etc. 1826-1833.
300 ## - DESCRIPCIÓN FÍSICA
Extensión 4 v. ;
Dimensiones 15 cm.
505 8# - NOTA DE CONTENIDO CON FORMATO
Nota de contenido con formato Contiene: T. I: No hay burlas con el amor. La dama duende. No siempre lo peor es cierto. Mañanas de abril y mayo. -- T. II: El astrólogo fingido. Dar tiempo al tiempo. El Petrarca de Jerusalén. Cúal es mayor perfección. -- T. III: Los empeños de un ocaso. Casa con dos puertas mala es de guardar. Amigo amante y leal. La cisma de Inglaterra. -- T. IV: Peor está que estaba. Mejor está que estaba. Comedias escogidas de Luis Vélez de Guevara. Reinar después de morir. El hollero de Ocaña.
650 14 - PUNTO DE ACCESO ADICIONAL DE MATERIA--TÉRMINO DE MATERIA
Término de materia o nombre geográfico como elemento de entrada
9 (RLIN) 239522
852 ## - LOCALIZACIÓN
Encuadernación
--
Ubicación BA
Número de control de estantería R-2394-97
Sublocalización o colección R.1377-80 Olim: F-1377-80
942 ## - ELEMENTOS DE ENTRADA SECUNDARIOS (KOHA)
Fuente del sistema de clasificación o colocación Clasificación decimal universal
Holdings
Estatus retirado Estado de pérdida Estado de daño No para préstamo Colección Biblioteca de origen Biblioteca actual Ubicación en estantería Fecha de adquisición Fuente de adquisición Total de préstamos Signatura topográfica completa Código de barras Visto por última vez Precio de reemplazo Tipo de ítem Koha
        Libros del s. XIX Biblioteca del Ateneo de Madrid Biblioteca del Ateneo de Madrid Depósito 17/01/2008     R-2394-7 1040369 23/02/2023 23/02/2023 Libro impreso antiguo